000 00975naa a22002657a 4500
001 BR8106479
003 BR-BrBNA
005 20240918175007.0
007 ta
008 230509b bl.||||| |||| 00| 0 por d
040 _aBR-BrBNA
_bpor
_cBiblioteca Nacional de Agricultura
041 _a(Pt)
072 _aL10
_b5300
_bG514
090 _aL10 BR8106479
100 1 _aMeincke, W.
111 1 _a2. Congresso Brasileiro de Suinocultura
_cCampinas, SP (Brazil)
_d19 Nov 1980
245 1 _aA inseminacao artificial em suinos no Brasil. Situacao atual e perspectivas
260 3 _aCampinas, SP (Brasil):
_c1981.
500 _aAnais do 2. Congresso Brasileiro de Suinocultura Campinas, SP (Brasil): 1981. p. 51-56 (BR8106479-AM)L10
650 _aINSEMINACAO ARTIFICIAL
650 _aSUINO
773 0 _tAnais do 2. Congresso Brasileiro de Suinocultura
_wL10 BR8106479
_gCampinas, SP (Brasil), 1981. p. 51-56
909 _a202404
_bLucia
_c55
_dLucia Elande
942 _cAM
_2AGRIS
999 _c314493
_d314493